| 000 | 00538nam a2200217Ia 4500 | ||
|---|---|---|---|
| 008 | 210210b2014 xxu||||| |||| 00| 0 eng d | ||
| 020 | _a9789351380993 | ||
| 041 | _aeng | ||
| 082 | _a332.632 CHAV | ||
| 100 | _aCHARY (T Satyanarayana) | ||
| 245 | _aVenture capital: concepts and applications | ||
| 260 |
_aBangalore _bTrinity Press _c2014 |
||
| 300 | _a199 | ||
| 650 | _aVenture | ||
| 650 | _aconcepts | ||
| 650 | _acapital: | ||
| 650 | _aapplications | ||
| 650 | _aand | ||
| 690 | _aInvestment Management | ||
| 906 | _a071110 | ||
| 999 |
_c120510 _d120510 |
||